000 00514nam a2200181Ia 4500
005 20250326144123.0
008 250326s9999 xx 000 0 und d
037 _aTextbook
040 _aFMSL
_beng
_cFMSL
041 _aeng
_2eng
084 _aX:321:(SNI) P7
_qFMSL
100 _aPurohit H C
245 0 _aConsumer Behavior
_cPurohit H C
260 _aNew Delhi
_bNew Delhi, Shri Publishers & Distributors
_c2007
365 _b2500
942 _cTB
_hX:321:(SNI) P7
999 _c1302436
_d1302436